| 000 | 00688nam a2200241 a 4500 | ||
|---|---|---|---|
| 005 | 20210219153428.0 | ||
| 008 | 991125n 000 0 u | ||
| 035 | _aUPN01000098426 | ||
| 100 | _aGreer, Richard M. | ||
| 222 | _aSCHOOL COUNSELOR | ||
| 245 | _aSchool-based sources of stress among elementary and secondary at-risk students | ||
| 300 | _a93-96 | ||
| 362 | _a40, No. 2, 1992 | ||
| 505 | _aMayo 1993 | ||
| 653 | 0 | _aCONSEJEROS ESCOLARES | |
| 653 | 0 | _aGUIA ESCOLAR | |
| 653 | 0 | _aHORARIO FLEXIBLE DE TRABAJO | |
| 653 | 0 | _aPADRES TRABAJADORES | |
| 653 | 0 | _aSISTEMAS DE DISTRIBUCION | |
| 700 | _aRichardson, Michael D. | ||
| 904 |
_aAC _b036237 |
||
| 905 | _aArticulo | ||
| 999 |
_c76563 _d76563 |
||